00215nam a2200085Ia 450000500170000000800410001724500440005826000100010299900170011220250523150954.0250523s9999 xx 000 0 und d 0aRuby Rogers İşine Bak !cSue Limb bALTIN c11903d11903